Yếu tố thần kỳ trong truyền thuyết và truyện cổ tích người Việt ở Nam Trung Bộ
v.v...
Đã lưu trong:
| Tác giả chính: | |
|---|---|
| Định dạng: | Sách |
| Năm xuất bản: |
H.
Khoa học xã hội
2010
|
| Chủ đề: | |
| Tags: |
Thêm thẻ
Không có thẻ, Hãy là người đầu tiên gắn thẻ bản ghi này!
|
| LEADER | 00751nam a2200193 4500 | ||
|---|---|---|---|
| 082 | |a 398.2095975 |b NG527Đ | ||
| 100 | |a Nguyễn Định | ||
| 245 | |a Yếu tố thần kỳ trong truyền thuyết và truyện cổ tích người Việt ở Nam Trung Bộ |c Nguyễn Định | ||
| 260 | |a H. |b Khoa học xã hội |c 2010 | ||
| 300 | |a 431 tr. |c 21 cm. | ||
| 520 | |a v.v... | ||
| 653 | |a Văn học dân gian | ||
| 653 | |a Truyền thuyết | ||
| 653 | |a Truyện cổ tích | ||
| 653 | |a Nam Trung Bộ | ||
| 653 | |a Việt Nam | ||
| 942 | |2 ddc |c SH | ||
| 999 | |c 8415 |d 8415 | ||
| 952 | |0 0 |1 0 |2 ddc |4 0 |6 398_209597500000000_NG527Đ |7 0 |8 300 |9 70031 |a qbu |b qbu |c D2 |d 2015-04-07 |g 86000 |o 398.2095975 NG527Đ |p 8177.c1 |r 0000-00-00 |w 2015-04-07 |y SH |0 0 |6 398_209597500000000_NG527Đ | ||